Statistiques concernant Êtes-vous rapide ? Test de rapidité abc,def

Cliquez ici pour prendre le quiz!

Statistiques générales

  • Ce quiz a été pris 348 fois
  • Le résultat moyen est 7 sur 9

Statistiques - réponses

Paire :Réponse :% Correct
AbcAbc
99%
DefDef
99%
GhiGhi
96%
JklJkl
95%
MnoMno
93%
PqrPqr
89%
StuStu
86%
VwxVwx
70%
Yz¥ (attention, petit piège !)Yz¥
8%

Distribution des résultats

Percentile par nombre de réponses

% des personnes avec chaque résultat

Votre développement - résultats

Vous n’avez pas pris ce quiz